| 000 | 00335nam a22001337a 4500 | ||
|---|---|---|---|
| 999 |
_c9559 _d9559 |
||
| 003 | OSt | ||
| 005 | 20210705101634.0 | ||
| 008 | 210705b ||||| |||| 00| 0 eng d | ||
| 020 | _a9780415506199 | ||
| 082 |
_a720.47 _bHAR |
||
| 100 | _a Harrison | ||
| 245 | _aArchitectural theories of the environment : posthuman territory | ||
| 942 | _2ddc | ||